[Event "RUS-ch Seniors"]
[Site "Odintsovo"]
[Date "2011.04.27"]
[Round "9"]
[White "Malov, Lev Pavlovich"]
[Black "Terenin, Leonid"]
[Result "0-1"]
[WhiteElo "1985"]
[BlackElo "2197"]
[PlyCount "104"]
[EventDate "2011.04.19"]
[EventType "swiss"]
[EventRounds "9"]
[EventCountry "RUS"]
[SourceTitle "CBM 142 Extra"]
[Source "ChessBase"]
[SourceDate "2011.06.27"]
[SourceVersion "1"]
[SourceVersionDate "2011.06.27"]
[SourceQuality "1"]

1. d4 Nc6 2. Nf3 d6 3. d5 Nb8 4. e4 e5 5. Bd3 Be7 6. c4 Nf6 7. c5 Nbd7 8. cxd6 cxd6 9. Nc3 0-0 10. 0-0 Nc5 11. Be3 Nxd3 12. Qxd3 Ng4 13. Nd2 Nxe3 14. fxe3 Bd7 15. Rac1 Rc8 16. Ne2 Qa5 17. Rxc8 Rxc8 18. Nc3 b5 19. Nb3 Qb6 20. Rc1 a5 21. Nd1 Rxc1 22. Nxc1 g6 23. a3 f5 24. b4 axb4 25. axb4 f4 26. Kf1 Bg5 27. h3 fxe3 28. Ke2 Qa7 29. Nxe3 Qa1 30. Nb3 Qg1 31. Kf3 Bh4 32. Qf1 Qh2 33. Nd2 h5 34. Nc2 Bxh3 35. gxh3 Qxd2 36. Qg2 Qf4+ 37. Ke2 Bg5 38. Kd3 Kg7 39. Kc3 h4 40. Qe2 Qg3+ 41. Qd3 Bc1 42. Qxg3 hxg3 43. Ne1 Kh6 44. Ng2 Kh5 45. Kc2 Bg5 46. Kd3 Bd8 47. Ke2 Bb6 48. Kf3 Bf2 49. h4 g5 50. hxg5 Kxg5 51. Ke2 Kg4 52. Kf1 Kh3 0-1

[Event "RUS-ch Seniors"]
[Site "Odintsovo"]
[Date "2011.04.21"]
[Round "3"]
[White "Skoriak, Ivan"]
[Black "Terenin, Leonid"]
[Result "1/2-1/2"]
[WhiteElo "1950"]
[BlackElo "2197"]
[PlyCount "47"]
[EventDate "2011.04.19"]
[EventType "swiss"]
[EventRounds "9"]
[EventCountry "RUS"]
[SourceTitle "CBM 142 Extra"]
[Source "ChessBase"]
[SourceDate "2011.06.27"]
[SourceVersion "1"]
[SourceVersionDate "2011.06.27"]
[SourceQuality "1"]

1. e4 Nc6 2. d3 e5 3. g3 Bc5 4. Ne2 d6 5. Bg2 Bg4 6. c3 Qf6 7. 0-0 Nge7 8. Nd2 0-0 9. b4 Bb6 10. Nc4 Bf3 11. a4 a6 12. Nxb6 cxb6 13. Be3 b5 14. axb5 axb5 15. Qd2 h6 16. Rfe1 Bxg2 17. Kxg2 Qe6 18. f4 f5 19. fxe5 dxe5 20. exf5 Nxf5 21. Bc5 Rfd8 22. Rxa8 Rxa8 23. Nc1 Rd8 24. Qe2 1/2-1/2

[Event "RUS-ch Seniors"]
[Site "Odintsovo"]
[Date "2011.04.20"]
[Round "2"]
[White "Terenin, Leonid"]
[Black "Bobylev, Valentin"]
[Result "1/2-1/2"]
[WhiteElo "2197"]
[BlackElo "2073"]
[PlyCount "95"]
[EventDate "2011.04.19"]
[EventType "swiss"]
[EventRounds "9"]
[EventCountry "RUS"]
[SourceTitle "CBM 142 Extra"]
[Source "ChessBase"]
[SourceDate "2011.06.27"]
[SourceVersion "1"]
[SourceVersionDate "2011.06.27"]
[SourceQuality "1"]

1. d4 Nf6 2. Bg5 c5 3. d5 e6 4. Nc3 d6 5. e4 h6 6. Bf4 e5 7. Bg3 a6 8. a4 Qb6 9. b3 Qa5 10. Qd2 Be7 11. f3 0-0 12. Bd3 Nh5 13. Nb1 Qd8 14. Bf2 Nf4 15. Be3 Bg5 16. Bf1 f5 17. g3 fxe4 18. fxe4 Ng6 19. Bxg5 hxg5 20. Bg2 g4 21. Ne2 Nd7 22. Qe3 Rb8 23. Nd2 b5 24. axb5 axb5 25. Rf1 Rxf1+ 26. Kxf1 Qf6+ 27. Kg1 Nf4 28. gxf4 exf4 29. Qc3 f3 30. Qxf6 Nxf6 31. Nxf3 gxf3 32. Bxf3 Bg4 33. Bxg4 Nxg4 34. Ra6 Rd8 35. Ng3 g6 36. Nf1 Kf7 37. h3 Ne5 38. Nd2 g5 39. Kf2 Kg6 40. Kg3 Kf6 41. Rb6 b4 42. Ra6 Ke7 43. Ra7+ Kf6 44. Ra1 Re8 45. Rf1+ Kg6 46. Nf3 Nxf3 47. Rxf3 c4 48. Kg4 1/2-1/2

[Event "RUS-ch Seniors"]
[Site "Lesnoj Gorodok"]
[Date "2009.10.11"]
[Round "9"]
[White "Kazantsev, Alexander1111"]
[Black "Terenin, Leonid"]
[Result "0-1"]
[WhiteElo "1969"]
[BlackElo "2230"]
[PlyCount "86"]
[EventDate "2009.10.03"]
[EventType "swiss"]
[EventRounds "9"]
[EventCountry "RUS"]
[SourceTitle "CBM 132 Extra"]
[Source "ChessBase"]
[SourceDate "2009.11.03"]
[SourceVersion "1"]
[SourceVersionDate "2009.11.03"]
[SourceQuality "1"]

1. d4 Nc6 2. Nf3 d6 3. c4 Bg4 4. Nbd2 Nf6 5. d5 Nb8 6. Qb3 b6 7. Nd4 g6 8. f3 Bd7 9. e4 Bg7 10. Qe3 a5 11. b3 Na6 12. Bb2 Nc5 13. Be2 e5 14. dxe6 Nxe6 15. 0-0 0-0 16. Rad1 Qe7 17. Rfe1 Nxd4 18. Bxd4 Nh5 19. f4 Bxd4 20. Qxd4 Nxf4 21. Bf3 Rae8 22. Nf1 Bc6 23. Ne3 Ne6 24. Qb2 Ng5 25. Nd5 Bxd5 26. cxd5 Qe5 27. Qxe5 Rxe5 28. Rc1 Re7 29. h4 Nxf3+ 30. gxf3 f5 31. exf5 Rxe1+ 32. Rxe1 Rxf5 33. Rc1 Rf7 34. Kg2 Kf8 35. Kg3 Ke8 36. h5 Kd7 37. hxg6 hxg6 38. Rh1 c6 39. dxc6+ Kxc6 40. Kg4 d5 41. f4 Rf6 42. Rh6 d4 43. Kg5 Rd6 0-1

[Event "RUS-ch Seniors"]
[Site "Lesnoj Gorodok"]
[Date "2009.10.08"]
[Round "6"]
[White "Ivanets, Vladimir"]
[Black "Terenin, Leonid"]
[Result "0-1"]
[WhiteElo "2231"]
[BlackElo "2230"]
[PlyCount "76"]
[EventDate "2009.10.03"]
[EventType "swiss"]
[EventRounds "9"]
[EventCountry "RUS"]
[SourceTitle "CBM 132 Extra"]
[Source "ChessBase"]
[SourceDate "2009.11.03"]
[SourceVersion "1"]
[SourceVersionDate "2009.11.03"]
[SourceQuality "1"]

1. b4 d5 2. e3 Bf5 3. Nf3 e6 4. Bb2 Nf6 5. a3 Nbd7 6. c4 c6 7. Nc3 Be7 8. Be2 0-0 9. 0-0 Ne4 10. Nxe4 Bxe4 11. d3 Bg6 12. Qb3 Bf6 13. Rfc1 dxc4 14. dxc4 Bxb2 15. Qxb2 Qf6 16. Qxf6 Nxf6 17. c5 Rfd8 18. a4 Bd3 19. Bxd3 Rxd3 20. b5 Nd7 21. bxc6 bxc6 22. Nd4 Rc8 23. Rab1 g6 24. Kf1 e5 25. Rb7 Nxc5 26. Rxc5 exd4 27. Rd7 Rc3 28. exd4 Ra3 29. Rxa7 Rb8 30. g3 Rb2 31. Re5 Raa2 32. Kg2 Rxf2+ 33. Kh3 Rxh2+ 34. Kg4 Rhd2 35. Re8+ Kg7 36. Re4 h5+ 37. Kg5 Ra3 38. Ree7 Rf3 0-1

[Event "Perm op-A 03"]
[Site "Perm"]
[Date "2009.03.13"]
[Round "3"]
[White "Terenin, Leonid"]
[Black "Kashin, Yury"]
[Result "1/2-1/2"]
[WhiteElo "2033"]
[BlackElo "2014"]
[PlyCount "50"]
[EventDate "2009.03.11"]
[EventType "swiss"]
[EventRounds "9"]
[EventCountry "RUS"]
[SourceTitle "EXT 2022"]
[Source "ChessBase"]
[SourceDate "2021.10.06"]
[SourceVersion "1"]
[SourceVersionDate "2021.10.06"]
[SourceQuality "1"]

1. d4 e6 2. Nf3 d5 3. Bg5 Be7 4. Bxe7 Qxe7 5. c3 Nc6 6. e3 Bd7 7. Nbd2 f5 8. Bb5 Nf6 9. 0-0 0-0 10. a4 a6 11. Bxc6 Bxc6 12. Ne5 Be8 13. Qb3 Rb8 14. Qb4 Qd6 15. f4 Bh5 16. Rf2 h6 17. Nf1 Rfc8 18. Nd3 Ne4 19. Re2 c5 20. dxc5 Nxc5 21. Nxc5 Qxc5 22. Qxc5 Rxc5 23. Nd2 Rbc8 24. Nb3 Rc4 25. Nd4 Kf7 1/2-1/2

[Event "RUS-ch Seniors"]
[Site "Odintsovo"]
[Date "2008.10.09"]
[Round "7"]
[White "Terenin, Leonid"]
[Black "Matveenko, Yury"]
[Result "1-0"]
[WhiteElo "2226"]
[BlackElo "2138"]
[PlyCount "69"]
[EventDate "2008.10.02"]
[EventType "swiss"]
[EventRounds "9"]
[EventCountry "RUS"]
[SourceTitle "CBM 127 Extra"]
[Source "ChessBase"]
[SourceDate "2009.01.08"]
[SourceVersion "2"]
[SourceVersionDate "2009.01.28"]
[SourceQuality "1"]

1. d4 g6 2. e4 c6 3. Nc3 d5 4. e5 Bg7 5. Nge2 Na6 6. Ng3 Nc7 7. Be3 h5 8. Bd3 Nh6 9. Qd2 h4 10. Nge2 Nf5 11. 0-0-0 Nxe3 12. fxe3 h3 13. g3 Bg4 14. Rdf1 Ne6 15. Nf4 g5 16. Nxe6 Bxe6 17. Bf5 Qd7 18. g4 Rh4 19. Rhg1 c5 20. Ne2 cxd4 21. exd4 Bh6 22. Kb1 Bxf5 23. gxf5 f6 24. exf6 exf6 25. Rg3 Kf7 26. Qd3 Re8 27. Rxh3 Rxe2 28. Rxh4 Qe7 29. Qg3 gxh4 30. Qg6+ Kf8 31. Qxh6+ Ke8 32. Qxh4 Re4 33. Qf2 Re2 34. Qg3 Re3 35. Qg8+ 1-0

[Event "RUS-ch Seniors"]
[Site "Odintsovo"]
[Date "2008.10.02"]
[Round "1"]
[White "Terenin, Leonid"]
[Black "Nekrasov, Stanislav"]
[Result "1-0"]
[WhiteElo "2226"]
[BlackElo "1945"]
[PlyCount "61"]
[EventDate "2008.10.02"]
[EventType "swiss"]
[EventRounds "9"]
[EventCountry "RUS"]
[SourceTitle "CBM 127 Extra"]
[Source "ChessBase"]
[SourceDate "2009.01.08"]
[SourceVersion "2"]
[SourceVersionDate "2009.01.28"]
[SourceQuality "1"]

1. d4 d5 2. Bg5 c6 3. e3 Nd7 4. Nf3 Ngf6 5. Nbd2 Qb6 6. b3 e6 7. c3 Bd6 8. Bd3 e5 9. Bxf6 gxf6 10. Bf5 h5 11. 0-0 Qc7 12. e4 Nb6 13. Bxc8 Rxc8 14. Re1 Kd7 15. Qc2 Rcg8 16. exd5 Nxd5 17. dxe5 fxe5 18. Qf5+ Kd8 19. Nxe5 Bxe5 20. Rxe5 f6 21. Re4 Qg7 22. g3 h4 23. c4 Nc3 24. Re3 hxg3 25. fxg3 Rxh2 26. Rd3+ Nd5 27. Kxh2 Rh8+ 28. Kg2 Qe7 29. Ne4 Re8 30. cxd5 cxd5 31. Qxd5+ 1-0

[Event "PriFR-ch Seniors 6th"]
[Site "Samara"]
[Date "2008.03.19"]
[Round "9"]
[White "Terenin, Leonid"]
[Black "Ostashevsky, Gennady"]
[Result "0-1"]
[WhiteElo "2239"]
[BlackElo "2183"]
[PlyCount "45"]
[EventDate "2008.03.11"]
[EventType "swiss"]
[EventRounds "9"]
[EventCountry "RUS"]
[SourceTitle "EXT 2022"]
[Source "ChessBase"]
[SourceDate "2021.10.06"]
[SourceVersion "1"]
[SourceVersionDate "2021.10.06"]
[SourceQuality "1"]

1. d4 g6 2. Bf4 Bg7 3. e3 d6 4. Nf3 c5 5. c3 Qb6 6. Qb3 Qxb3 7. axb3 cxd4 8. exd4 Nf6 9. Na3 0-0 10. Bc4 Nc6 11. 0-0 Na5 12. b4 Nxc4 13. Nxc4 Be6 14. Ncd2 Nd5 15. Bg3 a6 16. Rfe1 Rfe8 17. Nf1 h6 18. N3d2 Rac8 19. Ne3 f5 20. Nxd5 Bxd5 21. f4 Bf6 22. Ra5 e6 23. Kf1 0-1

[Event "PriFR-ch Seniors 6th"]
[Site "Samara"]
[Date "2008.03.16"]
[Round "6"]
[White "Terenin, Leonid"]
[Black "Fedoseev, Vladimir"]
[Result "1-0"]
[WhiteElo "2239"]
[BlackElo "2222"]
[PlyCount "107"]
[EventDate "2008.03.11"]
[EventType "swiss"]
[EventRounds "9"]
[EventCountry "RUS"]
[SourceTitle "EXT 2022"]
[Source "ChessBase"]
[SourceDate "2021.10.06"]
[SourceVersion "1"]
[SourceVersionDate "2021.10.06"]
[SourceQuality "1"]

1. d4 d5 2. Bg5 Nd7 3. Nf3 Ngf6 4. e3 h6 5. Bh4 c5 6. c3 Qb6 7. Qb3 c4 8. Qxb6 axb6 9. Nbd2 e6 10. Be2 Be7 11. 0-0 b5 12. a3 g5 13. Bg3 Nh5 14. Bc7 Ra6 15. Ne5 Ng7 16. Rae1 Nxe5 17. Bxe5 f6 18. Bg3 Nf5 19. Bh5+ Kf8 20. Bc7 Kg7 21. e4 dxe4 22. Nxe4 Bd7 23. h3 Rc8 24. Bh2 Nh4 25. f4 f5 26. Nd2 Bd6 27. fxg5 Bxh2+ 28. Kxh2 hxg5 29. g3 Rh8 30. gxh4 Rxh5 31. hxg5 Ra8 32. Nf3 Rah8 33. h4 Bc6 34. Rxe6 Bxf3 35. Rxf3 Rxh4+ 36. Kg2 Rh2+ 37. Kg3 R8h3+ 38. Kf4 Rxf3+ 39. Kxf3 Rxb2 40. Rb6 Rb3 41. Rxb7+ Kg6 42. Kf4 Rxc3 43. Rb6+ Kg7 44. Rxb5 Rxa3 45. Rc5 Ra1 46. Kxf5 Rf1+ 47. Ke6 Rc1 48. d5 c3 49. d6 c2 50. Kd7 Kf7 51. Kc7 Ra1 52. Rxc2 Ra7+ 53. Kb6 Ra1 54. Re2 1-0

[Event "PriFR-ch Seniors 6th"]
[Site "Samara"]
[Date "2008.03.13"]
[Round "3"]
[White "Sevastianov, Viktor"]
[Black "Terenin, Leonid"]
[Result "1-0"]
[WhiteElo "1968"]
[BlackElo "2239"]
[PlyCount "63"]
[EventDate "2008.03.11"]
[EventType "swiss"]
[EventRounds "9"]
[EventCountry "RUS"]
[SourceTitle "EXT 2022"]
[Source "ChessBase"]
[SourceDate "2021.10.06"]
[SourceVersion "1"]
[SourceVersionDate "2021.10.06"]
[SourceQuality "1"]

1. d4 Nc6 2. Nf3 d6 3. Bf4 Bg4 4. Nbd2 Nf6 5. h3 Bh5 6. c3 e6 7. Qc2 Bg6 8. Qa4 Be7 9. e3 a6 10. Be2 0-0 11. 0-0 Nd5 12. Bh2 f5 13. c4 Nb6 14. Qd1 Bf6 15. Nb3 Bf7 16. Qd2 Nd7 17. Rfd1 Rc8 18. Rac1 Ne7 19. c5 d5 20. Na5 Nc6 21. Nxb7 Qe7 22. Na5 Ncb8 23. b4 c6 24. Bd6 Qe8 25. Ne5 Nxe5 26. dxe5 Be7 27. Qc2 g5 28. Qa4 Bxd6 29. cxd6 f4 30. exf4 gxf4 31. Bf3 Bh5 32. Qb3 1-0

[Event "PriFR-ch Seniors 6th"]
[Site "Samara"]
[Date "2008.03.12"]
[Round "2"]
[White "Terenin, Leonid"]
[Black "Kalugin, Yury"]
[Result "1/2-1/2"]
[WhiteElo "2239"]
[BlackElo "1944"]
[PlyCount "64"]
[EventDate "2008.03.11"]
[EventType "swiss"]
[EventRounds "9"]
[EventCountry "RUS"]
[SourceTitle "EXT 2022"]
[Source "ChessBase"]
[SourceDate "2021.10.06"]
[SourceVersion "1"]
[SourceVersionDate "2021.10.06"]
[SourceQuality "1"]

1. e4 e5 2. Nf3 Nc6 3. Bb5 f5 4. d3 Nf6 5. Bg5 Bc5 6. Nc3 h6 7. Bxf6 Qxf6 8. Nd5 Qd6 9. c3 0-0 10. Qe2 Kh8 11. 0-0 Ne7 12. b4 Nxd5 13. exd5 Bb6 14. Qxe5 Qg6 15. d4 Re8 16. Qg3 Qf6 17. Bd3 d6 18. h4 g6 19. Qf4 Kg7 20. Rfe1 Bd7 21. Kf1 a6 22. Rxe8 Rxe8 23. Re1 Re7 24. Rxe7+ Qxe7 25. c4 c6 26. dxc6 Bxc6 27. c5 dxc5 28. bxc5 Bc7 29. Ne5 Qe6 30. h5 Qxa2 31. hxg6 Qa1+ 32. Ke2 Qb2+ 1/2-1/2

[Event "Perm op 07-B"]
[Site "Perm"]
[Date "2007.07.04"]
[Round "7"]
[White "Terenin, Leonid"]
[Black "Ogorodov, Petr"]
[Result "1-0"]
[WhiteElo "2037"]
[BlackElo "2132"]
[PlyCount "147"]
[EventDate "2007.06.27"]
[EventType "swiss"]
[EventRounds "8"]
[EventCountry "RUS"]
[SourceTitle "EXT 2022"]
[Source "ChessBase"]
[SourceDate "2021.10.06"]
[SourceVersion "1"]
[SourceVersionDate "2021.10.06"]
[SourceQuality "1"]

1. e4 c5 2. Nf3 Nc6 3. d4 cxd4 4. Nxd4 Nf6 5. Nc3 e5 6. Ndb5 d6 7. Bg5 a6 8. Bxf6 gxf6 9. Na3 b5 10. Nd5 f5 11. g3 Bg7 12. Bg2 0-0 13. 0-0 fxe4 14. Bxe4 f5 15. Bg2 Rb8 16. c3 e4 17. Nc2 Kh8 18. Nce3 Ne5 19. Nf4 Nc4 20. Nxc4 bxc4 21. Rb1 Rb5 22. Re1 Be5 23. Nd5 Be6 24. Ne3 Qb6 25. Qc2 Rb8 26. Re2 Qa5 27. Rd2 Qxa2 28. Bf1 d5 29. Qd1 Qa5 30. b4 Qb6 31. Nxd5 Bxd5 32. Rxd5 Qc6 33. Rd8+ Kg7 34. Rd7+ Kg6 35. Qd2 R5b7 36. Rd5 Rb5 37. Rd7 R5b7 38. Rxb7 Rxb7 39. Rd1 Rc7 40. h4 h6 41. Be2 Qf6 42. Qd5 Bxc3 43. Bxc4 Bxb4 44. Qg8+ Qg7 45. Qe8+ Kh7 46. Be6 Qg6 47. Rd7+ Rxd7 48. Qxd7+ Kh8 49. Bxf5 Qg7 50. Qe8+ Bf8 51. Bxe4 a5 52. Qa8 Qe7 53. Kg2 Kg7 54. Qc6 Kh8 55. Qc3+ Bg7 56. Qc8+ Bf8 57. Qc3+ Bg7 58. Qc6 Bf8 59. f3 Qc5 60. Qf6+ Kg8 61. Qe6+ Kh8 62. Bd5 Qc2+ 63. Kh3 Qh7 64. Bb3 Qg7 65. Qd5 Bb4 66. g4 Qf8 67. g5 hxg5 68. hxg5 Qc8+ 69. Kg2 Qf8 70. Qe5+ Qg7 71. Qh2+ Qh7 72. Qb8+ Kg7 73. Qc7+ Kh8 74. Qd8+ 1-0

[Event "PriFR-ch Seniors"]
[Site "Perm"]
[Date "2007.03.07"]
[Round "7"]
[White "Terenin, Leonid"]
[Black "Zamorin, Nikolai"]
[Result "1-0"]
[WhiteElo "2242"]
[BlackElo "2037"]
[PlyCount "81"]
[EventDate "2007.03.01"]
[EventType "swiss"]
[EventRounds "9"]
[EventCountry "RUS"]
[SourceTitle "EXT 2022"]
[Source "ChessBase"]
[SourceDate "2021.10.06"]
[SourceVersion "1"]
[SourceVersionDate "2021.10.06"]
[SourceQuality "1"]

1. d4 Nf6 2. Bg5 e6 3. Nf3 d5 4. e3 Be7 5. Nbd2 0-0 6. Bd3 Nh5 7. Bxe7 Qxe7 8. 0-0 Nf6 9. Qe2 Nbd7 10. e4 dxe4 11. Nxe4 Nxe4 12. Bxe4 Nf6 13. Rfe1 Nxe4 14. Qxe4 Qf6 15. Rad1 Rb8 16. Qe5 Qxe5 17. dxe5 b6 18. Re3 c5 19. Red3 Ba6 20. Rd7 Be2 21. R1d6 a6 22. Ng5 a5 23. f4 Bb5 24. Rc7 h6 25. Ne4 Bc4 26. Rdd7 Rbd8 27. Re7 Rd4 28. Nd6 Rxf4 29. g3 Rf1+ 30. Kg2 Rc1 31. Nxf7 Bf1+ 32. Kf2 Bh3 33. Ke3 Bf5 34. Nd6 Re1+ 35. Kd2 Rh1 36. Rxg7+ Kh8 37. Rge7 Rxh2+ 38. Ke3 Kg8 39. Ne8 Rh3 40. Nf6+ Rxf6 41. exf6 1-0

[Event "PriFR-ch Seniors"]
[Site "Perm"]
[Date "2007.03.05"]
[Round "5"]
[White "Terenin, Leonid"]
[Black "Ogorodov, Petr"]
[Result "1/2-1/2"]
[WhiteElo "2242"]
[BlackElo "2082"]
[PlyCount "75"]
[EventDate "2007.03.01"]
[EventType "swiss"]
[EventRounds "9"]
[EventCountry "RUS"]
[SourceTitle "EXT 2022"]
[Source "ChessBase"]
[SourceDate "2021.10.06"]
[SourceVersion "1"]
[SourceVersionDate "2021.10.06"]
[SourceQuality "1"]

1. d4 Nf6 2. Bg5 Ne4 3. Bf4 d5 4. Nd2 Bf5 5. e3 e6 6. Bd3 Bd6 7. Bxe4 Bxe4 8. Nxe4 dxe4 9. Qg4 0-0 10. Bxd6 Qxd6 11. 0-0-0 f5 12. Qf4 Nd7 13. Ne2 Rae8 14. Qxd6 cxd6 15. b3 Rc8 16. Kb2 d5 17. Nf4 Kf7 18. h4 Nf6 19. Rd2 b5 20. Ra1 a5 21. c3 a4 22. Rc2 Ng4 23. Re1 g6 24. f3 Nf6 25. Rd1 Rc7 26. bxa4 Rb8 27. axb5 Rxb5+ 28. Ka1 Rc4 29. Rb2 Rxb2 30. Kxb2 Nd7 31. Nh3 h6 32. Nf2 Nb6 33. Rc1 Rc6 34. Nd1 Nc4+ 35. Ka1 Kf6 36. f4 g5 37. hxg5+ hxg5 38. g3 1/2-1/2

[Event "PriFR-ch Seniors"]
[Site "Perm"]
[Date "2007.03.04"]
[Round "4"]
[White "Fedorovtsev, Gennady"]
[Black "Terenin, Leonid"]
[Result "1-0"]
[WhiteElo "2154"]
[BlackElo "2242"]
[PlyCount "69"]
[EventDate "2007.03.01"]
[EventType "swiss"]
[EventRounds "9"]
[EventCountry "RUS"]
[SourceTitle "EXT 2022"]
[Source "ChessBase"]
[SourceDate "2021.10.06"]
[SourceVersion "1"]
[SourceVersionDate "2021.10.06"]
[SourceQuality "1"]

1. e4 Nc6 2. Nc3 e5 3. Nf3 g6 4. d4 exd4 5. Nxd4 Bg7 6. Be3 Nge7 7. Qd2 0-0 8. 0-0-0 d6 9. h4 Nxd4 10. Bxd4 Bxd4 11. Qxd4 Nc6 12. Qd2 Be6 13. h5 Qf6 14. f4 Ne7 15. Be2 a6 16. g4 g5 17. f5 Bd7 18. h6 Kh8 19. Bc4 Bc6 20. Rh5 Rg8 21. Bxf7 Be8 22. Bxg8 Bxh5 23. Bd5 Bxg4 24. Rg1 c6 25. Be6 Bf3 26. Rxg5 d5 27. Rg7 d4 28. Rxe7 dxc3 29. Qxc3 Qxc3 30. bxc3 Bxe4 31. Rxb7 Bd5 32. Rd7 Bxe6 33. fxe6 Re8 34. Rf7 Kg8 35. Rf6 1-0

[Event "RUS-ch Seniors"]
[Site "Zvenigorod"]
[Date "2005.11.28"]
[Round "1"]
[White "Kremenietsky, Anatoly M"]
[Black "Terenin, Leonid"]
[Result "1-0"]
[WhiteElo "2399"]
[BlackElo "2200"]
[PlyCount "91"]
[EventDate "2005.11.28"]
[EventType "swiss"]
[EventRounds "7"]
[EventCountry "RUS"]
[SourceTitle "EXT 2007"]
[Source "ChessBase"]
[SourceDate "2006.11.23"]
[SourceVersion "1"]
[SourceVersionDate "2006.11.23"]
[SourceQuality "1"]

1. e4 c6 2. d4 d5 3. Nc3 dxe4 4. Nxe4 Nf6 5. Qd3 Nxe4 6. Qxe4 Nd7 7. Nf3 Nf6 8. Qd3 g6 9. c3 Bg7 10. Qc2 Bf5 11. Qb3 Qb6 12. Bc4 Qxb3 13. axb3 0-0 14. 0-0 Be4 15. Ne5 Bd5 16. Re1 a6 17. Nd3 e6 18. Nc5 Bxc4 19. bxc4 Ra7 20. Bf4 Rc8 21. Be5 Ng4 22. Bg3 Nf6 23. Bh4 Rca8 24. Nd3 Nd7 25. c5 Re8 26. Bg3 Raa8 27. Ra3 f6 28. Bd6 Kf7 29. Rb3 Ra7 30. f4 Bf8 31. Bxf8 Kxf8 32. Rf1 Kg7 33. Re1 Kf7 34. Nf2 Rb8 35. Ne4 b6 36. cxb6 Rxb6 37. Nd6+ Kf8 38. Rxb6 Nxb6 39. Rxe6 f5 40. Re8+ Kg7 41. Rb8 Nd5 42. g3 Kf6 43. c4 Ne3 44. Rb6 Nc2 45. d5 Re7 46. dxc6 1-0